000 02212nam a22002537a 4500
008 250528b |||||||| |||| 00| 0 eng d
020 _a9781646041671
040 _ctbs
041 _afre
_aeng
100 _aJones, Rhianna
_925352
_eauthor
245 _aParisienne French
_b: chic phrases, slang and style
_c/ Rhianna Jones.
260 _aBerkeley, CA :
_bUlysses Press,
_c2013.
300 _a210 pages :
_billustrations ;
_c17 cm.
505 _aEveryday phrases and expressions — A bilingual word list — Vocabulary and parallel translations from French to English.
505 _aEssentials: les essentiels — Daily life: la vie quotidienne — Friendship: l'amitie — Culture: la culture — Fashion: la mode — Cuisine: la cuisine — Love: l'amour — Nightlife: la vie nocturne.
520 _aLearn to speak French like a true Parisienne with vocabulary from the chic neighborhoods and vibrant clubs to high-fashion catwalks. This is the French you've always wanted to know but never learned in class. You’ve dreamed of Paris your whole life. You’ve imagined yourself sipping a café au lait at an outdoor bistro in the Jardin de Tuileries, or browsing a fashionable boutique on the Champs-Elysées, or strolling along the banks of the Seine, hand in hand with your handsome French lover. Now is the time to realize that dream. Parisienne French will have you cultured, chic and, most importantly, casually chatting with locals as if you were raised in the City of Lights. With refined phrases to express yourself at the Musée d’Orsay, posh vocabulary for catching up on this season’s couture fashion and hip slang for flirting at the hottest nightclub, you’ll effortlessly navigate the social scenes of Paris. Your new eloquent French will win over any vrai patriote, who will warmly welcome you to la vie parisienne.
650 0 _aFrench language
_xConversation and phrase books
_xEnglish
_925346
650 0 _aFrench language
_xIdioms
_925353
650 0 _aFrench language
_xSlang
_925354
650 0 _aFrench language
_xVocabulary
_925355
651 0 _aParis (France)
_xSocial life and customs
_925356
651 0 _aParis (France)
_xDescription and travel
_925357
942 _2lcc
999 _c4704
_d4704